Intruducción al analisis de economia agrícola /
Guardado en:
| Autor Principal: | |
|---|---|
| Formato: | Libro |
| Publicado: |
México :
Limuza-wiley,
1966
|
| Materias: | |
| Etiquetas: |
Agregar Etiqueta
Sin Etiquetas, Sea el primero en etiquetar este registro!
|
| LEADER | 00528nam a22001815a 4500 | ||
|---|---|---|---|
| 001 | CEM.cems015727 | ||
| 008 | 130507s1966##################000#0#####d | ||
| 005 | 20210810191728.0 | ||
| 003 | CEMS | ||
| 245 | 1 | 0 | |a Intruducción al analisis de economia agrícola / |c C E Bishop, W D Toussaint |
| 260 | |a México : |b Limuza-wiley, |c 1966 | ||
| 300 | |a 262 | ||
| 100 | 1 | |a Bishop C E | |
| 082 | 0 | 4 | |a 631 |
| 653 | |a Agricultura | ||
| 653 | |a Economia agraria | ||
| 653 | |a Empresa agrícola | ||
| 859 | |a CEMS |b BIB. CEMS - Agricultura |h 631 |i B541/ |p A5014.76 |t Ej.1 | ||
